MARC

Tag First Indicator Second Indicator Subfields
LEADER 00000cas a2200000Ia 4500
001 in00004532621
005 20230523153107.5
008 140128c20149999waufr p 0 0eng
035 |a (OCoLC)ocn869299085 
035 |a (OCoLC)869299085 
035 |a (UtOrBLW)67829 
035 |a 95584 
040 |a MMU  |c MMU  |d MMU  |d TMV  |d UtOrBLW 
049 |a TMVM 
245 0 0 |a Pet partners :  |b interactions magazine. 
264 1 |a Bellevue, WA :  |b Pet Partners,  |c 2014- 
300 |a volumes :  |b illustrations ;  |c 28 cm. 
310 |a Quarterly 
336 |a text  |2 rdacontent  |b txt 
337 |a unmediated  |2 rdamedia 
338 |a volume  |2 rdacarrier  |b nc 
362 0 |a winter 2014- 
500 |a Title from cover. 
500 |a T 
650 0 |a Pets  |x Social aspects  |v Periodicals. 
650 0 |a Pets  |v Periodicals. 
650 0 |a Pet owners  |x Psychological aspects  |v Periodicals. 
650 0 |a Animal behavior  |v Periodicals. 
650 0 |a Human-animal communication  |v Periodicals. 
650 0 |a Environmental psychology  |v Periodicals. 
650 2 |a Bonding, Human-Pet. 
650 2 |a Quality of Life. 
650 2 |a Animals, Domestic. 
655 2 |a Periodicals. 
690 |a vetimp 
710 2 |a Pet Partners. 
780 0 0 |t Interactions (Renton, Wash.)  |w (OCoLC)26559056 
948 |a Bindery Color/Print: 490/W 
948 |a MSL print subscription cancelled as of December 31, 2022 
999 f f |s ee672423-c69b-3b3c-927f-9f1ad2edf059  |i 92d23da5-8ff0-3997-980c-8fd3351ba5b8  |t 0 
952 f f |p ric  |a Texas A&M University  |b Rellis Campus  |c Joint Library Facility  |d Remote Storage  |t 0  |e Shelved by Title  |h Other scheme  |i unmediated -- volume  |l 2016/2018  |m 323890237874D 
952 f f |p ric  |a Texas A&M University  |b Rellis Campus  |c Joint Library Facility  |d Remote Storage  |t 0  |e Shelved by Title  |h Other scheme  |i unmediated -- volume  |l 2014/2015  |m 3238902356345 
952 f f |p ric  |a Texas A&M University  |b Rellis Campus  |c Joint Library Facility  |d Remote Storage  |t 0  |e Shelved by Title  |h Other scheme  |i unmediated -- volume  |l 2019/2023   |m 3238902703600 
998 f f |a Shelved by Title  |s 2014-2022/2023  |t 0  |l Remote Storage